[Event "DEM U10 2024"]
[Site "Willingen GER"]
[Date "2024.05.20"]
[Round "4"]
[White "Zielke, Mika"]
[Black "Liu, Yichen"]
[Result "1-0"]
[Termination "normal"]
[Board "17"]
[WhiteElo "1589"]
[BlackElo "1212"]
[WhiteClock "00:36:27"]
[BlackClock "01:10:23"]
[PlyCount "149"]
[WhiteFideId "34661816"]
[BlackFideId "34677917"]
[EventCountry "GER"]
[EventRounds "11"]
[EventType "swiss"]
[EventDate "2024.05.18"]

1. e4 {[%clk 01:15:53]} {[%emt 00:00:06]} c6 {[%clk 01:15:55]} {[%emt
00:00:06]} 2. Nc3 {[%clk 01:16:01]} {[%emt 00:00:21]} d5 {[%clk 01:16:16]}
{[%emt 00:00:10]} 3. Qf3 {[%clk 01:15:30]} {[%emt 00:00:59]} dxe4 {[%clk
01:15:56]} {[%emt 00:00:51]} 4. Nxe4 {[%clk 01:15:45]} {[%emt 00:00:15]} Nf6
{[%clk 01:16:10]} {[%emt 00:00:17]} 5. Nxf6+ {[%clk 01:15:43]} {[%emt
00:00:31]} exf6 {[%clk 01:16:31]} {[%emt 00:00:09]} 6. Bc4 {[%clk 01:14:23]}
{[%emt 00:01:50]} Bc5 {[%clk 01:16:14]} {[%emt 00:00:48]} 7. Ne2 {[%clk
01:12:00]} {[%emt 00:02:51]} O-O {[%clk 01:16:28]} {[%emt 00:00:18]} 8. O-O
{[%clk 01:12:01]} {[%emt 00:00:28]} Be6 {[%clk 01:16:25]} {[%emt 00:00:34]} 9.
Bb3 {[%clk 01:11:19]} {[%emt 00:01:12]} Re8 {[%clk 01:16:09]} {[%emt 00:00:46]}
10. c3 {[%clk 01:07:10]} {[%emt 00:04:38]} Qd7 {[%clk 01:13:30]} {[%emt
00:03:10]} 11. Bxe6 {[%clk 01:03:41]} {[%emt 00:03:58]} Qxe6 {[%clk 01:13:45]}
{[%emt 00:00:15]} 12. Nf4 {[%clk 01:01:14]} {[%emt 00:02:57]} Qe7 {[%clk
01:13:20]} {[%emt 00:00:55]} 13. d4 {[%clk 01:00:11]} {[%emt 00:01:32]} Bb6
{[%clk 01:13:42]} {[%emt 00:00:09]} 14. Bd2 {[%clk 00:59:48]} {[%emt 00:00:51]}
Nd7 {[%clk 01:13:25]} {[%emt 00:00:49]} 15. Rfe1 {[%clk 01:00:00]} {[%emt
00:00:17]} Qd8 {[%clk 01:13:35]} {[%emt 00:00:21]} 16. Rxe8+ {[%clk 00:59:29]}
{[%emt 00:01:01]} Qxe8 {[%clk 01:13:52]} {[%emt 00:00:13]} 17. Re1 {[%clk
00:59:45]} {[%emt 00:00:13]} Qd8 {[%clk 01:14:10]} {[%emt 00:00:13]} 18. Qe2
{[%clk 00:58:35]} {[%emt 00:01:37]} h6 {[%clk 01:13:51]} {[%emt 00:00:53]} 19.
Qe7 {[%clk 00:57:01]} {[%emt 00:02:03]} Bc7 {[%clk 01:12:29]} {[%emt 00:01:53]}
20. Nd3 {[%clk 00:51:40]} {[%emt 00:05:50]} Nb6 {[%clk 01:12:23]} {[%emt
00:00:37]} 21. Nc5 {[%clk 00:47:47]} {[%emt 00:04:22]} Bd6 {[%clk 01:11:02]}
{[%emt 00:01:52]} 22. Qxd8+ {[%clk 00:47:43]} {[%emt 00:00:34]} Rxd8 {[%clk
01:11:14]} {[%emt 00:00:18]} 23. Nxb7 {[%clk 00:48:03]} {[%emt 00:00:10]} Rd7
{[%clk 01:11:21]} {[%emt 00:00:24]} 24. Nxd6 {[%clk 00:48:22]} {[%emt
00:00:10]} Rxd6 {[%clk 01:11:45]} {[%emt 00:00:06]} 25. Bf4 {[%clk 00:48:07]}
{[%emt 00:00:45]} Re6 {[%clk 01:11:28]} {[%emt 00:00:47]} 26. Rxe6 {[%clk
00:46:51]} {[%emt 00:01:46]} fxe6 {[%clk 01:11:25]} {[%emt 00:00:34]} 27. Kf1
{[%clk 00:46:42]} {[%emt 00:00:38]} Nc4 {[%clk 01:11:38]} {[%emt 00:00:17]} 28.
b3 {[%clk 00:46:29]} {[%emt 00:00:43]} Nb6 {[%clk 01:11:14]} {[%emt 00:00:54]}
29. c4 {[%clk 00:45:03]} {[%emt 00:01:57]} Nd7 {[%clk 01:11:26]} {[%emt
00:00:18]} 30. Be3 {[%clk 00:45:07]} {[%emt 00:00:24]} a6 {[%clk 01:11:32]}
{[%emt 00:00:25]} 31. Ke2 {[%clk 00:44:25]} {[%emt 00:01:12]} Kf7 {[%clk
01:11:37]} {[%emt 00:00:25]} 32. Kd3 {[%clk 00:44:39]} {[%emt 00:00:16]} Ke7
{[%clk 01:11:48]} {[%emt 00:00:18]} 33. Kc3 {[%clk 00:44:51]} {[%emt 00:00:18]}
Kd8 {[%clk 01:12:02]} {[%emt 00:00:17]} 34. Kb4 {[%clk 00:44:12]} {[%emt
00:01:08]} Kc7 {[%clk 01:12:10]} {[%emt 00:00:24]} 35. f4 {[%clk 00:43:50]}
{[%emt 00:00:50]} f5 {[%clk 01:11:55]} {[%emt 00:00:45]} 36. h3 {[%clk
00:43:46]} {[%emt 00:00:34]} g6 {[%clk 01:12:16]} {[%emt 00:00:10]} 37. a4
{[%clk 00:43:03]} {[%emt 00:01:14]} h5 {[%clk 01:11:54]} {[%emt 00:00:51]} 38.
Kc3 {[%clk 00:39:50]} {[%emt 00:03:42]} Kb7 {[%clk 01:10:59]} {[%emt 00:01:26]}
39. b4 {[%clk 00:39:19]} {[%emt 00:01:00]} Kc7 {[%clk 01:10:12]} {[%emt
00:01:17]} 40. c5 {[%clk 00:35:55]} {[%emt 00:03:54]} Kb8 {[%clk 01:08:08]}
{[%emt 00:02:35]} 41. Kd3 {[%clk 00:34:00]} {[%emt 00:02:24]} Kc7 {[%clk
01:08:07]} {[%emt 00:00:32]} 42. Bf2 {[%clk 00:32:55]} {[%emt 00:01:35]} Kb7
{[%clk 01:07:08]} {[%emt 00:01:30]} 43. Bh4 {[%clk 00:31:32]} {[%emt 00:01:52]}
Kc7 {[%clk 01:06:13]} {[%emt 00:01:25]} 44. Be7 {[%clk 00:31:28]} {[%emt
00:00:33]} Nb8 {[%clk 01:05:54]} {[%emt 00:00:50]} 45. Bd6+ {[%clk 00:31:07]}
{[%emt 00:00:50]} Kc8 {[%clk 01:06:16]} {[%emt 00:00:09]} 46. Bxb8 {[%clk
00:31:27]} {[%emt 00:00:09]} Kxb8 {[%clk 01:06:40]} {[%emt 00:00:06]} 47. Ke3
{[%clk 00:31:50]} {[%emt 00:00:07]} Kc7 {[%clk 01:06:58]} {[%emt 00:00:12]} 48.
Kf3 {[%clk 00:32:12]} {[%emt 00:00:09]} Kd7 {[%clk 01:07:19]} {[%emt 00:00:09]}
49. Kg3 {[%clk 00:32:32]} {[%emt 00:00:08]} Ke7 {[%clk 01:07:40]} {[%emt
00:00:11]} 50. Kh4 {[%clk 00:32:46]} {[%emt 00:00:15]} Kf6 {[%clk 01:07:45]}
{[%emt 00:00:25]} 51. g3 {[%clk 00:32:40]} {[%emt 00:00:35]} Kf7 {[%clk
01:07:40]} {[%emt 00:00:36]} 52. Kg5 {[%clk 00:32:59]} {[%emt 00:00:10]} Kg7
{[%clk 01:08:01]} {[%emt 00:00:10]} 53. h4 {[%clk 00:33:01]} {[%emt 00:00:28]}
Kf7 {[%clk 01:08:13]} {[%emt 00:00:18]} 54. Kh6 {[%clk 00:33:18]} {[%emt
00:00:12]} Kf6 {[%clk 01:08:17]} {[%emt 00:00:27]} 55. Kh7 {[%clk 00:33:27]}
{[%emt 00:00:20]} Kf7 {[%clk 01:08:38]} {[%emt 00:00:10]} 56. a5 {[%clk
00:33:43]} {[%emt 00:00:14]} Kf6 {[%clk 01:06:58]} {[%emt 00:02:10]} 57. Kg8
{[%clk 00:32:27]} {[%emt 00:01:44]} Ke7 {[%clk 01:06:17]} {[%emt 00:01:13]} 58.
Kg7 {[%clk 00:32:43]} {[%emt 00:00:13]} Ke8 {[%clk 01:06:33]} {[%emt 00:00:15]}
59. Kxg6 {[%clk 00:33:04]} {[%emt 00:00:08]} Kf8 {[%clk 01:06:46]} {[%emt
00:00:18]} 60. Kxh5 {[%clk 00:33:18]} {[%emt 00:00:15]} Kg7 {[%clk 01:07:10]}
{[%emt 00:00:07]} 61. Kg5 {[%clk 00:33:05]} {[%emt 00:00:43]} Kf7 {[%clk
01:07:06]} {[%emt 00:00:34]} 62. h5 {[%clk 00:33:01]} {[%emt 00:00:34]} Kg7
{[%clk 01:07:22]} {[%emt 00:00:14]} 63. h6+ {[%clk 00:33:21]} {[%emt 00:00:10]}
Kh7 {[%clk 01:07:23]} {[%emt 00:00:29]} 64. Kf6 {[%clk 00:33:28]} {[%emt
00:00:23]} Kxh6 {[%clk 01:07:28]} {[%emt 00:00:25]} 65. Kxe6 {[%clk 00:33:46]}
{[%emt 00:00:11]} Kg6 {[%clk 01:07:42]} {[%emt 00:00:17]} 66. Ke5 {[%clk
00:34:08]} {[%emt 00:00:08]} Kf7 {[%clk 01:07:51]} {[%emt 00:00:21]} 67. Kxf5
{[%clk 00:34:12]} {[%emt 00:00:26]} Ke7 {[%clk 01:08:00]} {[%emt 00:00:21]} 68.
g4 {[%clk 00:34:34]} {[%emt 00:00:08]} Kf7 {[%clk 01:08:25]} {[%emt 00:00:05]}
69. g5 {[%clk 00:34:57]} {[%emt 00:00:07]} Kg7 {[%clk 01:08:48]} {[%emt
00:00:08]} 70. g6 {[%clk 00:35:16]} {[%emt 00:00:10]} Kf8 {[%clk 01:09:12]}
{[%emt 00:00:06]} 71. Kf6 {[%clk 00:35:37]} {[%emt 00:00:09]} Kg8 {[%clk
01:09:36]} {[%emt 00:00:06]} 72. g7 {[%clk 00:35:58]} {[%emt 00:00:09]} Kh7
{[%clk 01:09:57]} {[%emt 00:00:10]} 73. Kf7 {[%clk 00:36:22]} {[%emt 00:00:06]}
Kh6 {[%clk 01:10:08]} {[%emt 00:00:18]} 74. g8=Q {[%clk 00:36:38]} {[%emt
00:00:13]} Kh5 {[%clk 01:10:23]} {[%emt 00:00:15]} 75. Qg5# {[%clk 00:36:27]}
{[%emt 00:00:09]} 1-0

[Event "DEM U10 2024"]
[Site "Willingen GER"]
[Date "2024.05.20"]
[Round "4"]
[White "Fattori Dittmar, Luca"]
[Black "Wittenberger, Henri"]
[Result "1-0"]
[Termination "normal"]
[Board "18"]
[WhiteElo "1782"]
[BlackElo "1210"]
[WhiteClock "01:22:09"]
[BlackClock "01:11:01"]
[PlyCount "81"]
[WhiteFideId "34678883"]
[BlackFideId "34691510"]
[EventCountry "GER"]
[EventRounds "11"]
[EventType "swiss"]
[EventDate "2024.05.18"]

1. e4 {[%clk 01:15:57]} {[%emt 00:00:02]} e5 {[%clk 01:15:56]} {[%emt
00:00:04]} 2. Nf3 {[%clk 01:16:22]} {[%emt 00:00:06]} Nc6 {[%clk 01:16:22]}
{[%emt 00:00:04]} 3. Bc4 {[%clk 01:16:46]} {[%emt 00:00:05]} Nf6 {[%clk
01:16:45]} {[%emt 00:00:08]} 4. d4 {[%clk 01:17:07]} {[%emt 00:00:09]} exd4
{[%clk 01:16:08]} {[%emt 00:01:07]} 5. O-O {[%clk 01:17:19]} {[%emt 00:00:17]}
Bc5 {[%clk 01:15:45]} {[%emt 00:00:54]} 6. e5 {[%clk 01:17:44]} {[%emt
00:00:06]} d5 {[%clk 01:14:24]} {[%emt 00:01:51]} 7. exf6 {[%clk 01:18:08]}
{[%emt 00:00:05]} dxc4 {[%clk 01:14:47]} {[%emt 00:00:07]} 8. Re1+ {[%clk
01:18:27]} {[%emt 00:00:11]} Be6 {[%clk 01:14:35]} {[%emt 00:00:42]} 9. fxg7
{[%clk 01:18:45]} {[%emt 00:00:13]} Rg8 {[%clk 01:14:38]} {[%emt 00:00:27]} 10.
Bg5 {[%clk 01:18:54]} {[%emt 00:00:21]} Qd7 {[%clk 01:14:18]} {[%emt 00:00:49]}
11. Bf6 {[%clk 01:18:54]} {[%emt 00:00:30]} Be7 {[%clk 01:13:46]} {[%emt
00:01:02]} 12. Bxd4 {[%clk 01:18:25]} {[%emt 00:00:59]} O-O-O {[%clk 01:13:17]}
{[%emt 00:00:59]} 13. c3 {[%clk 01:18:11]} {[%emt 00:00:44]} Rxg7 {[%clk
01:12:11]} {[%emt 00:01:36]} 14. Na3 {[%clk 01:17:58]} {[%emt 00:00:42]} Nxd4
{[%clk 01:11:29]} {[%emt 00:01:13]} 15. Qxd4 {[%clk 01:18:11]} {[%emt
00:00:17]} Qxd4 {[%clk 01:11:24]} {[%emt 00:00:35]} 16. Nxd4 {[%clk 01:18:06]}
{[%emt 00:00:36]} Bxa3 {[%clk 01:10:52]} {[%emt 00:01:02]} 17. Nxe6 {[%clk
01:17:58]} {[%emt 00:00:38]} fxe6 {[%clk 01:11:11]} {[%emt 00:00:10]} 18. bxa3
{[%clk 01:18:19]} {[%emt 00:00:09]} Rd3 {[%clk 01:09:05]} {[%emt 00:02:37]} 19.
Rad1 {[%clk 01:17:16]} {[%emt 00:01:33]} Rxd1 {[%clk 01:09:04]} {[%emt
00:00:31]} 20. Rxd1 {[%clk 01:17:39]} {[%emt 00:00:07]} Rd7 {[%clk 01:09:27]}
{[%emt 00:00:07]} 21. Rxd7 {[%clk 01:17:56]} {[%emt 00:00:12]} Kxd7 {[%clk
01:09:50]} {[%emt 00:00:07]} 22. f4 {[%clk 01:18:00]} {[%emt 00:00:26]} Kd6
{[%clk 01:09:58]} {[%emt 00:00:22]} 23. Kf2 {[%clk 01:18:19]} {[%emt 00:00:12]}
e5 {[%clk 01:09:20]} {[%emt 00:01:08]} 24. f5 {[%clk 01:17:58]} {[%emt
00:00:50]} Ke7 {[%clk 01:07:31]} {[%emt 00:02:20]} 25. Ke3 {[%clk 01:18:10]}
{[%emt 00:00:18]} c5 {[%clk 01:07:46]} {[%emt 00:00:15]} 26. g4 {[%clk
01:18:11]} {[%emt 00:00:28]} Kf6 {[%clk 01:07:59]} {[%emt 00:00:16]} 27. Ke4
{[%clk 01:18:20]} {[%emt 00:00:23]} h6 {[%clk 01:07:27]} {[%emt 00:01:02]} 28.
h4 {[%clk 01:18:43]} {[%emt 00:00:06]} a5 {[%clk 01:07:41]} {[%emt 00:00:16]}
29. g5+ {[%clk 01:19:02]} {[%emt 00:00:10]} hxg5 {[%clk 01:08:03]} {[%emt
00:00:08]} 30. hxg5+ {[%clk 01:19:30]} {[%emt 00:00:02]} Kxg5 {[%clk 01:08:03]}
{[%emt 00:00:30]} 31. Kxe5 {[%clk 01:19:56]} {[%emt 00:00:04]} b5 {[%clk
01:08:17]} {[%emt 00:00:17]} 32. f6 {[%clk 01:19:38]} {[%emt 00:00:47]} b4
{[%clk 01:08:36]} {[%emt 00:00:11]} 33. f7 {[%clk 01:19:59]} {[%emt 00:00:09]}
bxc3 {[%clk 01:08:58]} {[%emt 00:00:08]} 34. f8=Q {[%clk 01:20:17]} {[%emt
00:00:13]} Kh4 {[%clk 01:09:11]} {[%emt 00:00:16]} 35. Qf4+ {[%clk 01:20:37]}
{[%emt 00:00:10]} Kh3 {[%clk 01:09:25]} {[%emt 00:00:17]} 36. Qxc4 {[%clk
01:20:55]} {[%emt 00:00:12]} a4 {[%clk 01:09:41]} {[%emt 00:00:14]} 37. Qxc3+
{[%clk 01:21:14]} {[%emt 00:00:10]} Kh2 {[%clk 01:10:03]} {[%emt 00:00:07]} 38.
Kf4 {[%clk 01:21:33]} {[%emt 00:00:12]} c4 {[%clk 01:10:21]} {[%emt 00:00:12]}
39. Qg3+ {[%clk 01:21:53]} {[%emt 00:00:10]} Kh1 {[%clk 01:10:42]} {[%emt
00:00:09]} 40. Kf3 {[%clk 01:22:15]} {[%emt 00:00:07]} c3 {[%clk 01:11:01]}
{[%emt 00:00:12]} 41. Qg2# {[%clk 01:22:09]} {[%emt 00:00:04]} 1-0

[Event "DEM U10 2024"]
[Site "Willingen GER"]
[Date "2024.05.20"]
[Round "4"]
[White "Jung, Michael"]
[Black "El-Issa, Erik"]
[Result "1-0"]
[Termination "normal"]
[Board "19"]
[WhiteElo "1363"]
[BlackElo "1172"]
[WhiteClock "01:00:09"]
[BlackClock "00:59:39"]
[PlyCount "71"]
[WhiteFideId "34673873"]
[BlackFideId "533001782"]
[EventCountry "GER"]
[EventRounds "11"]
[EventType "swiss"]
[EventDate "2024.05.18"]

1. d4 {[%clk 01:15:57]} {[%emt 00:00:02]} d5 {[%clk 01:15:53]} {[%emt
00:00:08]} 2. c4 {[%clk 01:16:21]} {[%emt 00:00:05]} e6 {[%clk 01:16:14]}
{[%emt 00:00:10]} 3. Nc3 {[%clk 01:16:46]} {[%emt 00:00:05]} Nf6 {[%clk
01:16:34]} {[%emt 00:00:10]} 4. Bf4 {[%clk 01:17:08]} {[%emt 00:00:07]} Bb4
{[%clk 01:16:41]} {[%emt 00:00:23]} 5. e3 {[%clk 01:17:24]} {[%emt 00:00:13]}
O-O {[%clk 01:16:41]} {[%emt 00:00:30]} 6. a3 {[%clk 01:17:41]} {[%emt
00:00:14]} Bxc3+ {[%clk 01:17:02]} {[%emt 00:00:09]} 7. bxc3 {[%clk 01:18:02]}
{[%emt 00:00:09]} c6 {[%clk 01:16:01]} {[%emt 00:01:32]} 8. Nf3 {[%clk
01:18:04]} {[%emt 00:00:28]} Ne4 {[%clk 01:15:51]} {[%emt 00:00:40]} 9. Qc2
{[%clk 01:18:05]} {[%emt 00:00:28]} Qa5 {[%clk 01:15:46]} {[%emt 00:00:35]} 10.
Bd3 {[%clk 01:17:24]} {[%emt 00:01:10]} Qxc3+ {[%clk 01:15:32]} {[%emt
00:00:45]} 11. Qxc3 {[%clk 01:17:11]} {[%emt 00:00:44]} Nxc3 {[%clk 01:15:54]}
{[%emt 00:00:07]} 12. O-O {[%clk 01:16:50]} {[%emt 00:00:51]} Ne4 {[%clk
01:16:09]} {[%emt 00:00:16]} 13. h3 {[%clk 01:15:15]} {[%emt 00:02:05]} h6
{[%clk 01:15:46]} {[%emt 00:00:52]} 14. Rac1 {[%clk 01:13:10]} {[%emt
00:02:34]} Nd7 {[%clk 01:14:51]} {[%emt 00:01:26]} 15. Ne5 {[%clk 01:13:17]}
{[%emt 00:00:22]} Ndf6 {[%clk 01:13:04]} {[%emt 00:02:18]} 16. h4 {[%clk
01:11:41]} {[%emt 00:02:05]} Nh5 {[%clk 01:12:14]} {[%emt 00:01:21]} 17. Bh2
{[%clk 01:11:04]} {[%emt 00:01:07]} Nhf6 {[%clk 01:11:08]} {[%emt 00:01:37]}
18. c5 {[%clk 01:10:39]} {[%emt 00:00:53]} Bd7 {[%clk 01:10:25]} {[%emt
00:01:14]} 19. Rfd1 {[%clk 01:09:47]} {[%emt 00:01:22]} Rfc8 {[%clk 01:09:27]}
{[%emt 00:01:29]} 20. f3 {[%clk 01:09:42]} {[%emt 00:00:34]} Nxc5 {[%clk
01:09:12]} {[%emt 00:00:45]} 21. dxc5 {[%clk 01:09:49]} {[%emt 00:00:23]} Be8
{[%clk 01:08:31]} {[%emt 00:01:12]} 22. Rb1 {[%clk 01:09:15]} {[%emt 00:01:03]}
Rc7 {[%clk 01:06:54]} {[%emt 00:02:08]} 23. Ng4 {[%clk 01:06:02]} {[%emt
00:03:43]} Rd7 {[%clk 01:06:34]} {[%emt 00:00:49]} 24. Nxf6+ {[%clk 01:06:09]}
{[%emt 00:00:23]} gxf6 {[%clk 01:06:54]} {[%emt 00:00:10]} 25. e4 {[%clk
01:04:30]} {[%emt 00:02:09]} e5 {[%clk 01:06:37]} {[%emt 00:00:47]} 26. exd5
{[%clk 01:04:21]} {[%emt 00:00:38]} Rxd5 {[%clk 01:06:09]} {[%emt 00:00:58]}
27. Bf5 {[%clk 01:04:09]} {[%emt 00:00:42]} Rb8 {[%clk 01:04:28]} {[%emt
00:02:11]} 28. f4 {[%clk 01:04:10]} {[%emt 00:00:29]} Rxc5 {[%clk 01:04:22]}
{[%emt 00:00:37]} 29. fxe5 {[%clk 01:04:13]} {[%emt 00:00:25]} fxe5 {[%clk
01:04:32]} {[%emt 00:00:20]} 30. Re1 {[%clk 01:03:51]} {[%emt 00:00:51]} f6
{[%clk 01:04:33]} {[%emt 00:00:30]} 31. Rf1 {[%clk 01:02:04]} {[%emt 00:02:16]}
Kg7 {[%clk 01:03:43]} {[%emt 00:01:21]} 32. Rb4 {[%clk 01:00:57]} {[%emt
00:01:37]} Bh5 {[%clk 01:02:46]} {[%emt 00:01:25]} 33. Be6 {[%clk 01:00:56]}
{[%emt 00:00:33]} Rc3 {[%clk 01:01:11]} {[%emt 00:02:03]} 34. a4 {[%clk
00:59:48]} {[%emt 00:01:40]} Re8 {[%clk 00:59:26]} {[%emt 00:02:15]} 35. Rxb7+
{[%clk 00:59:52]} {[%emt 00:00:26]} Kg6 {[%clk 00:59:39]} {[%emt 00:00:16]} 36.
Bf7+ {[%clk 01:00:09]} {[%emt 00:00:13]} 1-0

[Event "DEM U10 2024"]
[Site "Willingen GER"]
[Date "2024.05.20"]
[Round "4"]
[White "Nikolic, Luka"]
[Black "Schonlau, Leopold"]
[Result "1-0"]
[Termination "normal"]
[Board "20"]
[WhiteElo "1145"]
[BlackElo "1359"]
[WhiteClock "01:09:10"]
[BlackClock "01:09:13"]
[PlyCount "41"]
[WhiteFideId "34655123"]
[BlackFideId "34662545"]
[EventCountry "GER"]
[EventRounds "11"]
[EventType "swiss"]
[EventDate "2024.05.18"]

1. d4 {[%clk 01:15:59]} d5 {[%clk 01:15:53]} {[%emt 00:00:08]} 2. c4 {[%clk
01:16:23]} {[%emt 00:00:06]} dxc4 {[%clk 01:16:14]} {[%emt 00:00:08]} 3. e3
{[%clk 01:16:48]} {[%emt 00:00:06]} Bf5 {[%clk 01:15:01]} {[%emt 00:01:42]} 4.
Bxc4 {[%clk 01:16:36]} {[%emt 00:00:44]} Nc6 {[%clk 01:14:39]} {[%emt
00:00:51]} 5. Nf3 {[%clk 01:15:19]} {[%emt 00:01:46]} e6 {[%clk 01:13:25]}
{[%emt 00:01:45]} 6. O-O {[%clk 01:14:11]} {[%emt 00:01:34]} Nf6 {[%clk
01:12:47]} {[%emt 00:01:12]} 7. Nc3 {[%clk 01:11:00]} {[%emt 00:03:37]} Bd6
{[%clk 01:11:22]} {[%emt 00:01:59]} 8. Re1 {[%clk 01:10:43]} {[%emt 00:00:47]}
O-O {[%clk 01:11:03]} {[%emt 00:00:28]} 9. e4 {[%clk 01:11:12]} Bg4 {[%clk
01:11:11]} {[%emt 00:00:44]} 10. e5 {[%clk 01:10:42]} {[%emt 00:00:59]} Bb4
{[%clk 01:10:44]} {[%emt 00:00:58]} 11. exf6 {[%clk 01:10:40]} {[%emt
00:00:31]} Qxf6 {[%clk 01:10:38]} {[%emt 00:00:36]} 12. Re3 {[%clk 01:09:39]}
{[%emt 00:01:31]} Nxd4 {[%clk 01:09:49]} {[%emt 00:01:19]} 13. Qxd4 {[%clk
01:09:38]} {[%emt 00:00:31]} Qxd4 {[%clk 01:10:09]} {[%emt 00:00:10]} 14. Nxd4
{[%clk 01:09:59]} {[%emt 00:00:09]} Rad8 {[%clk 01:10:22]} {[%emt 00:00:18]}
15. Nc2 {[%clk 01:10:04]} {[%emt 00:00:24]} Bxc3 {[%clk 01:10:39]} {[%emt
00:00:13]} 16. bxc3 {[%clk 01:10:29]} {[%emt 00:00:05]} Bf5 {[%clk 01:10:14]}
{[%emt 00:00:54]} 17. Nd4 {[%clk 01:10:30]} {[%emt 00:00:30]} Bg6 {[%clk
01:10:23]} {[%emt 00:00:21]} 18. Ba3 {[%clk 01:10:34]} {[%emt 00:00:26]} Rfe8
{[%clk 01:10:42]} {[%emt 00:00:12]} 19. Bb5 {[%clk 01:10:39]} {[%emt 00:00:25]}
c6 {[%clk 01:11:00]} {[%emt 00:00:11]} 20. Nxc6 {[%clk 01:11:02]} {[%emt
00:00:06]} Rd5 {[%clk 01:09:13]} {[%emt 00:02:18]} 21. Nd4 {[%clk 01:09:10]}
{[%emt 00:02:22]} 1-0